El destino de un manuscrito : Tablas geográficas políticas del Reino de Nueva España de Alejandro de Humboldt /
Alexander von Humboldt (Berlín, 1769-1859) es considerado el fundador de la fitogeografía (estudio de la distribución geográfica de las plantas) y también el padre de la geografía moderna. Formado con preceptores privados tuvo una esmerada educación, entrando en contacto desde muy joven con las idea...
Salvato in:
| Autore principale: | |
|---|---|
| Altri autori: | , , |
| Natura: | Elettronico |
| Lingua: | spagnolo |
| Pubblicazione: |
México :
Archivo General de la Nación,
1999, c1999
|
| Soggetti: | |
| Tags: |
Nessun Tag, puoi essere il primo ad aggiungerne!!
|
MARC
| LEADER | 00000nmm^a2200000^a^4500 | ||
|---|---|---|---|
| 001 | 000182834 | ||
| 005 | 20250521000000.0 | ||
| 009 | 20260310102020.82 | ||
| 020 | |a 970-628-355-2 | ||
| 037 | |a Acervo ITESO - Biblioteca | ||
| 041 | |a ESP | ||
| 082 | |a 980. 013 |b HUM TAB | ||
| 100 | |a Humboldt, Alexander von |e (autor) | ||
| 240 | 1 | 1 | |a [Tablas geográficas políticas del Reino de Nueva España] |
| 245 | 1 | 3 | |a El destino de un manuscrito : |b Tablas geográficas políticas del Reino de Nueva España de Alejandro de Humboldt / |c A. von Humboldt ; estudio de E. Trabulse, J.A. Ortega y Medina ; presen. de P. Galeana de Valadés. |
| 264 | 4 | |a México : |b Archivo General de la Nación, |c 1999, c1999 | |
| 300 | |a 1 disco compacto de computadora | ||
| 336 | |a datos para computadora |b cod |2 rdacontenido | ||
| 337 | |a computadora |b c |2 rdamedio | ||
| 338 | |a disco de computadora |b cd |2 rdasoporte | ||
| 520 | |a Alexander von Humboldt (Berlín, 1769-1859) es considerado el fundador de la fitogeografía (estudio de la distribución geográfica de las plantas) y también el padre de la geografía moderna. Formado con preceptores privados tuvo una esmerada educación, entrando en contacto desde muy joven con las ideas liberales de la época. Pronto, en 1793, publica su primer texto sobre flora y cuatro años después viaja a Francia donde entabla amistad con diversos científicos y conoce a Aimé Bonpland. Ambos consiguen la autorización de Carlos IV de España para explorar las colonias americanas, petición totalmente asimilable al proyecto ilustrado de contar con información científica sobre las riquezas naturales de las posesiones españolas en América. De hecho, Humbold fue uno de los primeros científicos que establecieron mapas y cartografías del continente, además de -por supuesto- estudiar la flora, fauna y climatología de la región, visitando Venezuela, Colombia, Ecuador, Perú, Cuba, México y Estados Unidos. Hizo también estudios geopolíticos y antropológicos de algunas de las colonias, poniendo de manifiesto que el progreso, la moral pública y la cultura del pueblo son incompatibles con el despotismo que regía las colonias españolas en América. En definitiva y en apenas cinco años (1799-1804) realizó investigaciones centrales no sólo para el conocimiento de América, sino también para el desarrollo de diversas ciencias. A su regreso a Europa comenzó a escribir, publicando un total de treinta volúmenes entre 1805 y 1834 y realizando en medio (1829) un viaje a Rusia invitado por el zar. | ||
| 649 | |a XX | ||
| 650 | |a Científicos Alemanes | ||
| 650 | |a Exploradores y Viajeros Alemanes | ||
| 650 | |a Cartas Alemanas | ||
| 650 | |a Viajes y Travesías - |z México | ||
| 650 | |a Identidad Nacional - |z México | ||
| 650 | |a Ilustración (Filosofía) - |x Historia y Crítica | ||
| 650 | |a Ilustración (Filosofía) - |z México | ||
| 650 | |a Filosofía Mexicana - |x Historia y Crítica | ||
| 650 | |a Estadística Vital - |z México | ||
| 650 | |a Política - |z México - |x Historia - |y Siglo XIX - |x Estadísticas | ||
| 650 | |a Política - |z México - |x Historia - |y Virreinato, 1535-1821 - |x Estadísticas | ||
| 650 | |a Política - |z México - |x Historia - |y Epoca Colonial, 1517-1821 - |x Estadísticas | ||
| 650 | |a México - |x Historia - |y Siglo XIX - |x Estadísticas | ||
| 650 | |a México - |x Historia - |y Virreinato, 1535-1821 - |x Estadísticas | ||
| 650 | |a México - |x Historia - |y Epoca Colonial, 1517-1821 - |x Estadísticas | ||
| 650 | |a Geopolítica - |z México | ||
| 650 | |a Geografía - |z México | ||
| 650 | |a México - |x Descripción | ||
| 650 | |a Humboldt, Alexander von | ||
| 740 | 0 | |a Carta de Humboldt al virrey Iturrigaray / |c A. von Humboldt ; presen. de P. Galeana de Valadés. | |
| 740 | 3 | |a El destino de un manuscrito / |c E. Trabulse ; presen. de P. Galeana de Valadés. | |
| 740 | 0 | |a Humboldt en la conciencia mexicana del siglo diecinueve / |c J.A. Ortega y Medina ; presen. de P. Galeana de Valadés. | |
| 700 | |a Trabulse, Elías |e (estudio) | ||
| 700 | |a Ortega y Medina, Juan Antonio |e (estudio) | ||
| 700 | |a Galeana de Valadés, Patricia |e (presentación) | ||
| 910 | |a Fondo General | ||
| 920 | |a Electrónicos - Recursos en Disco | ||
| 905 | |a 207 | ||
| 901 | |a 0500129937 |b IT2 |c SWS |u 20250521 | ||
| 902 | |a https://opac.biblio.iteso.mx/vufind/Record/000182834 | ||